000 00709nam a2200193Ii 4500
003 JO-AjNU
008 230605s9999||||xx |||||||||||||| ||und||
040 _aJO-AjNU
_bara
_erda
_cJO-AjNU
041 _aara
050 1 4 _aPJ7696.U7.A17 1998
100 3 _aدراسة وشرح وتحقيق أسماء أبو بكر محمد,
_eauthor
_97892
245 0 0 _aديوان عروة بن الورد أمير الصعاليك
264 3 1 _aبيروت:دار الكتب العلمية،1998
300 _a103ص
336 _atext
_btxt
_2rdacontent
337 _aunmediated
_bn
_2rdamedia
338 _avolume
_bnc
_2rdacarrier
650 4 _a الشعر العربي - تاريخ ونقد - العصر الجاهلي
_97893
999 _aA509
_c4077
_d4077